Las mil y una noches argentinas /
Guardado en:
| Autor Principal: | |
|---|---|
| Formato: | Libro |
| Publicado: |
Buenos Aires :
Guillermo Kraft,
1953
|
| Materias: | |
| Etiquetas: |
Agregar Etiqueta
Sin Etiquetas, Sea el primero en etiquetar este registro!
|
| LEADER | 00567nam a22001815a 4500 | ||
|---|---|---|---|
| 001 | CEM.cems002135 | ||
| 005 | 20060216000000.0 | ||
| 008 | 130507s1953##################000#0#####d | ||
| 003 | CEMS | ||
| 082 | 0 | 4 | |a 398.21 |
| 100 | 1 | |a Draghi Lucero, Juan | |
| 245 | 1 | 0 | |a Las mil y una noches argentinas / |
| 260 | |a Buenos Aires : |b Guillermo Kraft, |c 1953 | ||
| 300 | |a 386 p. | ||
| 653 | |a Cuentos argentinos | ||
| 653 | |a Literatura folclorica | ||
| 859 | |a CEMS |b BIB. CEMS - 11 de abril |h 398.21 |i D784/3 |p 10390.81 |t Ej.2 | ||
| 859 | |a CEMS |b BIB. CEMS - 11 de abril |h 398.21 |i D784/3 |p 9688.81 |t Ej.1 | ||
